Statistics for Taylor Swift Colour Lyrics in Pictures

Click here to take the quiz!

General Stats

  • This quiz has been taken 226 times
  • The average score is 9 of 15

Answer Stats

QuestionAnswer% Correct
I got a list of names and yours is in _____ underlined
96%
The ties were _____ the lies were white.
91%
I'm with you even if it makes me _____
85%
Glass shattered on the _____ cloth
82%
And in a feud with her neighbour she stole his dog and dyed it _______
80%
I once believed love would be burning red but it's ______ like Daylight
79%
Missing him was _______ all alone
78%
______ was the colour of your shirt when you were sixteen at the yogurt shop
64%
Holy _____ bottles, each night I pray to you
58%
My face was _____ but you wouldn't admit that we were sick
56%
All I've seen since eighteen hours ago is _____ eyes and freckles and your smile
49%
Something in his deep _____ eyes has me saying he's not all bad like his reputation
35%
This _______ morning light below tells me this love is worth the fight
33%
Lyrical smile, _____ eyes, hand on my thigh, we can follow the sparks, I'll drive
31%
Indelible scars, pivotal marks _____ as the life she fled
24%

Score Distribution

Percentile by Number Answered

Percent of People with Each Score

Your Score History

You have not taken this quiz